Le Salvador pour les touristes... - Statistiques

Statistiques générales
  • Ce quiz a été pris 9 fois
  • Le résultat moyen est 7 sur 20
Statistiques - réponses
Question Indice Réponses % Correct
Quelle est la langue officielle ? Espagnol
100%
Quel est le climat local ? T Tropical
100%
Avez-vous besoin d'un visa ? (oui/non) Non
89%
La conduite se fait à droite ou à gauche ? Droite
78%
Dans la capitale quel est le décalage horaire avec Paris ? (+ ou - et chiffre) ex - 10 - 8
67%
La vitesse est limitée hors des villes à {90} km/h
56%
Le principal aéroport est S Salvador
56%
Quelles sont les principaux lieux touristiques ? S S Volcan {San Salvador}
56%
Combien d'heures (environ) mettrez-vous pour vous y rendre ? (en chiffres) 14
33%
La religion majoritaire est Catholicisme
33%
Achats à faire 3/ Pour la sieste Hamac
22%
Le suffixe internet est sv
22%
Quelles sont les principaux lieux touristiques ? B Parc national el {Boqueron}
11%
Quelles sont les principaux lieux touristiques ? D Puerta del {Diablo}
11%
Quelles sont les principaux lieux touristiques ? S Suchitoto
11%
Comment se nomme la principale compagnie aérienne locale A E S Avianca El Salvador
0%
Achats à faire 2/ A boire Café
0%
Quelle est la monnaie ? Dollar américain
0%
Achats à faire 4/ Soda local Kolashanpan
0%
Achats à faire 1/ Statuettes Mayas
0%
Aucun quiz correspondant
Distribution des résultats
% des personnes avec chaque résultat
Percentile par nombre de réponses
Votre historique - résultats
Vous n’avez pas pris ce quiz